Times da NBA - Statistics

Estatísticas Gerais
  • Esse quiz foi jogado 16 773 vezes
  • A pontuação média é 21 de 30
Estatísticas das Respostas
TIMES % Correto
Los Angeles Lakers
97%
Boston Celtics
91%
Golden State Warriors
89%
Chicago Bulls
85%
Miami Heat
82%
Brooklyn Nets
80%
Los Angeles Clippers
78%
Milwaukee Bucks
75%
Dallas Mavericks
73%
New York Knicks
73%
San Antonio Spurs
73%
Denver Nuggets
72%
Orlando Magic
71%
Phoenix Suns
71%
Toronto Raptors
70%
Atlanta Hawks
69%
Cleveland Cavaliers
69%
Houston Rockets
68%
Charlotte Hornets
66%
Oklahoma City Thunder
65%
Utah Jazz
64%
Detroit Pistons
63%
Sacramento Kings
63%
Minnesota Timberwolves
62%
Indiana Pacers
61%
Philadelphia 76ers
61%
Washington Wizards
59%
New Orleans Pelicans
58%
Memphis Grizzlies
55%
Portland Trail Blazers
50%
Nenhum quiz correspondente encontrado
Distribuição das Pontuações
Porcentagem de Pessoas com Cada Pontuação
Percentil de Números Respondidos
Sua Pontuação Histórica
Você não jogou esse quiz